书目信息 |
| 题名: |
安装起重工
|
|
| 作者: | 孙焱 , 赵立明 编 | |
| 分册: | ||
| 出版信息: | 重庆 重庆大学出版社 2008.04 |
|
| 页数: | 109页 | |
| 开本: | 19cm | |
| 丛书名: | 进城务工实用知识与技能丛书 | |
| 单 册: | ||
| 中图分类: | TU758 | |
| 科图分类: | ||
| 主题词: | 结构吊装--jie gou diao zhuang--基本知识 , 建筑安装工程--jian zhu an zhuang gong cheng--基本知识 | |
| 电子资源: | ||
| ISBN: | 978-7-5624-4468-8 | |
| 000 | 01144nam 2200301 450 | |
| 001 | 012008118238 | |
| 005 | 20080721151433.40 | |
| 010 | @a978-7-5624-4468-8@dCNY5.00 | |
| 100 | @a20080716d2008 em y0chiy0120 ea | |
| 101 | 0 | @achi |
| 102 | @aCN@b500000 | |
| 105 | @aa a 000yy | |
| 106 | @ar | |
| 200 | 1 | @a安装起重工@Aan zhuang qi zhong gong@f孙焱, 赵立明编@Fsun yan,zhao li ming bian |
| 210 | @a重庆@c重庆大学出版社@d2008.04 | |
| 215 | @a109页@c图@d19cm | |
| 225 | 2 | @a进城务工实用知识与技能丛书@Ajin cheng wu gong shi yong zhi shi yu ji neng cong shu@i建筑工系列 |
| 300 | @a“十一五”国家重点图书出版规划项目 | |
| 320 | @a有书目 | |
| 330 | @a本书主要内容包括起重力学基本知识、常用起重索具与吊具、常用起重机械、起重作业基本操作技术、常见构件的吊装工艺以及起重指挥信号等内容。 | |
| 410 | 0 | @12001 @a进城务工实用知识与技能丛书@i建筑工系列 |
| 606 | 0 | @a结构吊装@Ajie gou diao zhuang@x基本知识 |
| 606 | 0 | @a建筑安装工程@Ajian zhu an zhuang gong cheng@x基本知识 |
| 690 | @aTU758@v4 | |
| 701 | 0 | @a孙焱@Asun yan@4编 |
| 701 | 0 | @a赵立明@Azhao li ming@4编 |
| 801 | 0 | @aCN@bQSSK@c20080721 |
| 905 | @b731285-89@dTU758@eS975@f5 | |
| 安装起重工/孙焱, 赵立明编.-重庆:重庆大学出版社,2008.04 |
| 109页:图;19cm.-(进城务工实用知识与技能丛书.建筑工系列) |
| “十一五”国家重点图书出版规划项目 |
| ISBN 978-7-5624-4468-8:CNY5.00 |
| 本书主要内容包括起重力学基本知识、常用起重索具与吊具、常用起重机械、起重作业基本操作技术、常见构件的吊装工艺以及起重指挥信号等内容。 |
| ● |
| 相关链接 |
|
|
|
正题名:安装起重工
索取号:TU758/S975
 
预约/预借
| 序号 | 登录号 | 条形码 | 馆藏地/架位号 | 状态 | 备注 |
| 1 | 731285 | 207312852 | 建筑库201/201建筑库 43排4列3层/ [索取号:TU758/S975] | 在馆 | |
| 2 | 731286 | 207312861 | 建筑库201/201建筑库 43排4列3层/ [索取号:TU758/S975] | 在馆 | |
| 3 | 731287 | 207312870 | 建筑库201/201建筑库 43排4列3层/ [索取号:TU758/S975] | 在馆 | |
| 4 | 731288 | 207312889 | 建筑库201/201建筑库 43排4列3层/ [索取号:TU758/S975] | 在馆 | |
| 5 | 731289 | 207312898 | 建筑库201/201建筑库 43排4列3层/ [索取号:TU758/S975] | 在馆 |